Diccionario de economía agrícola y términos afines /
Guardado en:
| Autor Principal: | |
|---|---|
| Otros Autores: | |
| Formato: | Libro |
| Idioma: | Spanish |
| Publicado: |
México :
Centro regional de ayuda técnica,
1966.
|
| Etiquetas: |
Agregar Etiqueta
Sin Etiquetas, Sea el primero en etiquetar este registro!
|
| LEADER | 00521nam a22001575a 4500 | ||
|---|---|---|---|
| 001 | EEO.bibeco005113 | ||
| 003 | AR-BaUEB | ||
| 005 | 20110412134609.0 | ||
| 008 | 080718s1966####mx############000#0#spa#d | ||
| 245 | 1 | 0 | |a Diccionario de economía agrícola y términos afines / |c George T. Dowdy, Leroy W. Garnet. |
| 260 | |a México : |b Centro regional de ayuda técnica, |c 1966. | ||
| 300 | |a 84 p. | ||
| 100 | 1 | |a Dowdy, George T. | |
| 700 | 1 | |a Garnet, Leroy W. | |
| 082 | 0 | 4 | |a C631.03 |
| 859 | |a AR-BaUEB |b BIB. ECONOMIA - General |h 631.03 |i D753 |k C |p e03314 | ||
